Library Banner

Kitab ul lama fittusawwaf = کتاب اللمع فی التصوف / (Record no. 127933)

MARC details
000 -LEADER
fixed length control field 00582nam a2200193Ia 4500
001 - CONTROL NUMBER
control field 42161
005 - DATE AND TIME OF LATEST TRANSACTION
control field 20220823094806.0
008 - FIXED-LENGTH DATA ELEMENTS--GENERAL INFORMATION
fixed length control field 140425s9999 xx 000 0 und d
020 ## - INTERNATIONAL STANDARD BOOK NUMBER
International Standard Book Number 969408069x
040 ## - CATALOGING SOURCE
Transcribing agency PK-LaUMT
082 ## - DEWEY DECIMAL CLASSIFICATION NUMBER
Classification number APC 297.4
Item number ABU-K
100 ## - MAIN ENTRY--PERSONAL NAME
Personal name Abu Nasr Saraj = ابو نصر سراج
245 ## - TITLE STATEMENT
Title Kitab ul lama fittusawwaf = کتاب اللمع فی التصوف /
Statement of responsibility, etc by Abu Nasr Saraj = ابو نصر سراج
260 ## - PUBLICATION, DISTRIBUTION, ETC. (IMPRINT)
Place of publication, distribution, etc Islamabad,Pakistan :
Name of publisher, distributor, etc Islamic Book Foundation,
Date of publication, distribution, etc 1984
300 ## - PHYSICAL DESCRIPTION
Extent 720 p.
546 ## - LANGUAGE NOTE
Language note AR
650 ## - SUBJECT ADDED ENTRY--TOPICAL TERM
Topical term or geographic name as entry element Tasawwaf
942 ## - ADDED ENTRY ELEMENTS (KOHA)
Koha item type Books
Holdings
Withdrawn status Lost status Damaged status Home library Current library Date acquired Full call number Barcode Date last seen Price effective from Koha item type
      UMT Main Campus UMT Main Campus 2022-08-23 APC 297.4 ABU-K 143534 2022-08-23 2022-08-23 Books